Grand Trunk Road: Khyber to Calcutta (Record no. 356406)

000 -LEADER
fixed length control field 00363cam a22001337a 4500
008 - FIXED-LENGTH DATA ELEMENTS--GENERAL INFORMATION
fixed length control field 180718b1972 xxu||||| |||| 00| 0 eng d
082 ## - DEWEY DECIMAL CLASSIFICATION NUMBER
Classification number A72 W644
100 ## - MAIN ENTRY--PERSONAL NAME
Personal name Wiles, John
245 ## - TITLE STATEMENT
Title Grand Trunk Road: Khyber to Calcutta
Statement of responsibility, etc. by John Wiles
260 ## - PUBLICATION, DISTRIBUTION, ETC.
Place of publication, distribution, etc. Calcutta
Name of publisher, distributor, etc. Oxford and IBH
Date of publication, distribution, etc. 1972
300 ## - PHYSICAL DESCRIPTION
Extent 161p.
500 ## - GENERAL NOTE
General note Rs.69.00
650 ## - SUBJECT ADDED ENTRY--TOPICAL TERM
Topical term or geographic name entry element Description and Travel
Holdings
Withdrawn status Lost status Damaged status Not for loan Permanent Location Current Location Date acquired Full call number Barcode Date last seen Price effective from Koha item type
        Indian Institute of Public Administration Indian Institute of Public Administration 1994-01-05 A72 W644 47986 2018-07-21 2018-07-21 Book

Powered by Koha